00426nam a2200145Ia 4500003000400000008004100004040001600045082001500061100002100076245006700097260005100164650001400215650002900229650002200258GCL140319s9999 xx 000 0 eng d aGCL / cGCL04a404.2bB L1 aBIALYSTOK, ELLEN10aLANGUAGE PROCESSING IN BILINGUAL CHILDREN / cBIALYSTOK, ELLEN a[S.N] : bCAMBRIBGE UNIVERSITY PRESS ، c199104aEDUCATION04aBILINGUALISM IN CHILDREN04aPSYCHOLINGUISTICS